| 000 | 00733nam a2200193 a 4500 | ||
|---|---|---|---|
| 008 | 120209s2011 ||||||||||||||||| || u | ||
| 020 | _a9780071267434 | ||
| 050 | _aHD 62.4 BAR | ||
| 100 | _aBartlett, Christopher A | ||
| 245 | 1 | 0 | _aTransnational management: text, cases, and readings in cross-border management. (6th ed.) |
| 250 | _a6th ed. | ||
| 260 |
_aNew York: _bMcGraw-Hill _c2011 |
||
| 300 | _axvii, 762p.: ill. | ||
| 350 | _a0.00 | ||
| 650 | 0 | _aMANAGEMENT | |
| 650 | _aINTERNATIONAL BUSINESS ENTERPRISES--MANAGEMENT | ||
| 700 | _aBeamish, Paul W | ||
| 995 |
_D0.00 _FCBU-MAIN LIBRARY (Kitwe) _H1 _I0.00 _M1 _UAVAILABLE _WMar 2, 2012 _ZMain Library Open Access Collection |
||
| 999 |
_c60347 _d60347 |
||